000 01051nam a2200301Ia 4500
001 Para_5759
003 CHAP
008 220125s1985 xx 000 0 und d
010 _a204254
040 _cCHAP
090 _aPA TESIS 90
100 _aDíaz Villanueva, Gerardo Enrique
_933670
245 _aActividades de aceites vegetales para proteger maíz almacenado contra el gorgojo sitophilus zeamais Motschulsky (Coleoptera :
_b Curculionidae) /
_c por Gerardo Enrique Díaz Villanueva
260 _aChapingo, Méx. :
_b el autor
300 _a73 h.
502 _aTesis (M.C.) CP. Centro de Entomología y Acarología
650 _aAceites vegetales
_9457
650 _aMaíz
_x almacenamiento
_x plagas´
_9170214
650 _aSitophilus zeamais
_9106790
710 _aColegio de Postgraduados. Centro de Entomología y Acarología
_9164258
901 _aPA TESIS 90
902 _aA
905 _a0000001985 ai 0000000000 00
910 _a1985
942 _cPARA
942 _cPARA
_d1
999 _c204254
_d204254